[Event "Sarmiento Erbe Memorial 2nd"]
[Site "Sarmiento"]
[Date "2017.10.28"]
[Round "4"]
[White "Argento, Ramon Francisco"]
[Black "Ubeira Montenegro, Enrique"]
[Result "0-1"]
[WhiteElo "1470"]
[BlackElo "1714"]
[PlyCount "86"]
[EventDate "2017.10.27"]
[EventType "swiss"]
[EventRounds "7"]
[EventCountry "ARG"]
[SourceTitle "EXT 2019"]
[Source "ChessBase"]
[SourceDate "2018.10.10"]
[SourceVersion "1"]
[SourceVersionDate "2018.10.10"]
[SourceQuality "1"]

1. e4 c5 2. Nf3 e6 3. Be2 Nc6 4. 0-0 Qc7 5. Nc3 Nf6 6. d3 Be7 7. d4 cxd4 8. Nxd4 0-0 9. Nf3 a6 10. g3 b5 11. Bf4 d6 12. Nd4 Nxd4 13. Qxd4 e5 14. Nd5 Nxd5 15. Qxd5 Bb7 16. Qd2 exf4 17. Qxf4 Qc5 18. Bd3 Qe5 19. Qg4 Bc8 20. Qe2 Qxb2 21. Qh5 g6 22. Qh6 Bf6 23. f4 Qd4+ 24. Kg2 Bb7 25. Rae1 Bg7 26. Qg5 f5 27. Qe7 Bc6 28. Kh3 Rf7 29. Qh4 fxe4 30. Be2 Qd2 31. Bg4 Re8 32. Re2 Qd4 33. Rg2 e3 34. Rd1 Bxg2+ 35. Kxg2 Qe4+ 36. Bf3 Qxc2+ 37. Kh3 e2 38. Re1 Bc3 39. g4 Qd2 40. Rxe2 Rxe2 41. Bxe2 Qe3+ 42. Kg2 Qxe2+ 43. Kh3 Qf1+ 0-1

[Event "Sarmiento Erbe Memorial 2nd"]
[Site "Sarmiento"]
[Date "2017.10.28"]
[Round "3"]
[White "Ubeira Montenegro, Enrique"]
[Black "Azcona, Juan"]
[Result "0-1"]
[WhiteElo "1714"]
[BlackElo "1839"]
[PlyCount "70"]
[EventDate "2017.10.27"]
[EventType "swiss"]
[EventRounds "7"]
[EventCountry "ARG"]
[SourceTitle "EXT 2019"]
[Source "ChessBase"]
[SourceDate "2018.10.10"]
[SourceVersion "1"]
[SourceVersionDate "2018.10.10"]
[SourceQuality "1"]

1. c4 Nf6 2. Nf3 g6 3. g3 Bg7 4. Bg2 0-0 5. 0-0 d5 6. cxd5 Nxd5 7. Nc3 c5 8. Qb3 Nb6 9. d3 Nc6 10. Be3 Nd4 11. Bxd4 cxd4 12. Ne4 Be6 13. Qa3 Bd5 14. Rac1 a6 15. Qa5 f5 16. Nc5 h6 17. Rc2 Qd6 18. Rfc1 Rf7 19. Nh4 Bxg2 20. Nxg2 e5 21. Ne1 Nd5 22. Qa4 Raf8 23. Ng2 Kh7 24. e4 dxe3 25. fxe3 h5 26. e4 Nb6 27. Qb4 Bh6 28. Rd1 Nd7 29. Qc4 fxe4 30. Nxe4 Qb6+ 31. d4 exd4 32. Nc5 d3 33. Rc3 Qxb2 34. Nxd3 Qf2+ 35. Kh1 Qf1+ 0-1

[Event "Sarmiento Erbe Memorial 2nd"]
[Site "Sarmiento"]
[Date "2017.10.28"]
[Round "5"]
[White "Ubeira Montenegro, Enrique"]
[Black "Tornquist, Carlos"]
[Result "0-1"]
[WhiteElo "1714"]
[BlackElo "1867"]
[PlyCount "74"]
[EventDate "2017.10.27"]
[EventType "swiss"]
[EventRounds "7"]
[EventCountry "ARG"]
[SourceTitle "EXT 2019"]
[Source "ChessBase"]
[SourceDate "2018.10.10"]
[SourceVersion "1"]
[SourceVersionDate "2018.10.10"]
[SourceQuality "1"]

1. d4 Nf6 2. c4 g6 3. Nc3 Bg7 4. e4 d6 5. Nf3 0-0 6. h3 Na6 7. Bg5 h6 8. Bh4 c6 9. Be2 Qa5 10. 0-0 e5 11. dxe5 dxe5 12. a3 Qc7 13. Nd2 Nc5 14. b4 Ne6 15. Ra2 Nf4 16. Bxf6 Bxf6 17. Bg4 Bxg4 18. Qxg4 Rad8 19. c5 Rd3 20. Ncb1 h5 21. Qd1 Rfd8 22. Qe1 Qd7 23. f3 g5 24. Qf2 g4 25. hxg4 hxg4 26. Nc4 Rxf3 27. Qd2 Rd3 28. Qb2 Rd1 29. Nd6 Rxf1+ 30. Kxf1 Qe6 31. Nd2 b6 32. Qc2 Bg5 33. N2c4 Qh6 34. Qf2 Qh1+ 35. Qg1 Qxg1+ 36. Kxg1 bxc5 37. bxc5 Nd3 0-1

[Event "Salta Rodriguez Memorial"]
[Site "Salta"]
[Date "2017.04.14"]
[Round "4.10"]
[White "Ubeira Montenegro, Enrique"]
[Black "Reyes, Matias"]
[Result "1-0"]
[WhiteElo "1654"]
[BlackElo "1717"]
[PlyCount "109"]
[EventDate "2017.04.13"]
[EventType "swiss"]
[EventRounds "7"]
[EventCountry "ARG"]
[SourceTitle "EXT 2024"]
[Source "ChessBase"]
[SourceDate "2023.10.10"]
[SourceVersion "1"]
[SourceVersionDate "2023.10.10"]
[SourceQuality "1"]

1. c4 g6 2. e4 Bg7 3. Nf3 d6 4. h3 e5 5. d4 exd4 6. Nxd4 Bd7 7. Nc3 Nc6 8. Be3 Nge7 9. Rc1 0-0 10. g4 Nxd4 11. Bxd4 Nc6 12. Bxg7 Kxg7 13. Bg2 Ne5 14. Nd5 Bc6 15. 0-0 Bxd5 16. cxd5 c5 17. dxc6 Nxc6 18. Qd2 Qf6 19. Qc3 Qxc3 20. Rxc3 Rfd8 21. Rd1 Kf6 22. f4 Rac8 23. g5+ Ke7 24. Rdc1 a6 25. h4 Na7 26. Rc7+ Rxc7 27. Rxc7+ Rd7 28. Rc1 Nc6 29. Bh3 Rd8 30. Rd1 Kf8 31. Kf2 Kg7 32. Bg2 h6 33. a3 hxg5 34. hxg5 f6 35. gxf6+ Kxf6 36. Rd5 Ne7 37. Rxd6+ Rxd6 38. e5+ Ke6 39. exd6 Kxd6 40. Bxb7 a5 41. Ke3 Nf5+ 42. Kd3 Ng7 43. Be4 Ne6 44. Ke3 Nf8 45. b4 axb4 46. axb4 Ke6 47. b5 Kd6 48. b6 Ne6 49. b7 Kc7 50. Bd5 Ng7 51. Ke4 Nf5 52. Ke5 Ng3 53. Bf3 Nh5 54. Bxh5 gxh5 55. f5 1-0

[Event "ARG-ch sf U2300 Ottonello Memorial"]
[Site "Monteros"]
[Date "2016.09.17"]
[Round "1.7"]
[White "Ubeira Montenegro, Enrique"]
[Black "Santucho, Jorge Mario"]
[Result "0-1"]
[WhiteElo "1723"]
[BlackElo "1972"]
[PlyCount "94"]
[EventDate "2016.09.17"]
[EventType "swiss"]
[EventRounds "6"]
[EventCountry "ARG"]
[SourceTitle "EXT 2024"]
[Source "ChessBase"]
[SourceDate "2023.10.10"]
[SourceVersion "1"]
[SourceVersionDate "2023.10.10"]
[SourceQuality "1"]

1. d4 d5 2. c4 c6 3. Nc3 Nf6 4. Nf3 e6 5. Bg5 dxc4 6. e3 b5 7. Be2 Nbd7 8. 0-0 Bb7 9. Qc2 Qb6 10. e4 h6 11. Bh4 g5 12. Bg3 g4 13. Nh4 Qxd4 14. Rad1 Qc5 15. Rfe1 0-0-0 16. Bf1 Be7 17. Ne2 Nh5 18. Nd4 Nxg3 19. hxg3 Bf6 20. Ne2 Ne5 21. Nf4 Bxh4 22. gxh4 g3 23. Nh3 Ng4 24. Qe2 gxf2+ 25. Nxf2 Qxf2+ 26. Qxf2 Nxf2 27. Kxf2 Rxd1 28. Rxd1 Rd8 29. Rxd8+ Kxd8 30. e5 c5 31. Ke3 Ke7 32. Kf4 Bd5 33. Kg4 Kf8 34. g3 b4 35. Kf4 c3 36. bxc3 Bxa2 37. cxb4 cxb4 38. Ke3 b3 39. Bc4 a5 40. Kd2 Ke7 41. g4 a4 42. g5 hxg5 43. hxg5 Bb1 44. Kc1 Be4 45. Kb2 Bc6 46. Kc3 f5 47. Kd3 Be8 0-1

[Event "ARG-ch sf U2300"]
[Site "San Pedro de Jujuy"]
[Date "2016.08.06"]
[Round "3.8"]
[White "Lingiardi, Oscar"]
[Black "Ubeira Montenegro, Enrique"]
[Result "1-0"]
[WhiteElo "1879"]
[BlackElo "1712"]
[PlyCount "99"]
[EventDate "2016.08.06"]
[EventType "swiss"]
[EventRounds "6"]
[EventCountry "ARG"]
[SourceTitle "EXT 2024"]
[Source "ChessBase"]
[SourceDate "2023.10.10"]
[SourceVersion "1"]
[SourceVersionDate "2023.10.10"]
[SourceQuality "1"]

1. e4 c5 2. Nf3 d6 3. d4 cxd4 4. Nxd4 Nf6 5. Nc3 a6 6. Bc4 e5 7. Nf3 Be7 8. 0-0 0-0 9. Bg5 Be6 10. Bb3 Nc6 11. Qd2 h6 12. Bxf6 Bxf6 13. Nd5 Bxd5 14. Qxd5 Qc7 15. Rad1 Rad8 16. c3 Ne7 17. Qd3 Ng6 18. g3 Qd7 19. Ne1 Qh3 20. Qf3 Bg5 21. Qg2 Qxg2+ 22. Nxg2 Ne7 23. Rd3 Rfe8 24. Rfd1 Nc8 25. Ne3 Be7 26. Nf5 Bf8 27. c4 g6 28. Ne3 Be7 29. Nd5 Bg5 30. h4 Be7 31. c5 Kg7 32. Ba4 Rf8 33. Nxe7 Nxe7 34. cxd6 Ng8 35. Rc1 f5 36. Rc7+ Rf7 37. Bb3 Rfd7 38. Be6 fxe4 39. Rd2 Nf6 40. Bxd7 Nxd7 41. Rxb7 Kf6 42. b4 Ke6 43. a4 Rc8 44. b5 axb5 45. axb5 Rc3 46. Kf1 Rd3 47. Ke2 Rxd2+ 48. Kxd2 Kxd6 49. Rxd7+ Kxd7 50. Ke3 1-0

[Event "ARG-ch sf U2300"]
[Site "San Pedro de Jujuy"]
[Date "2016.08.06"]
[Round "2.12"]
[White "Ubeira Montenegro, Enrique"]
[Black "Gutierrez, Aldo"]
[Result "1-0"]
[WhiteElo "1712"]
[BlackElo "1832"]
[PlyCount "91"]
[EventDate "2016.08.06"]
[EventType "swiss"]
[EventRounds "6"]
[EventCountry "ARG"]
[SourceTitle "EXT 2024"]
[Source "ChessBase"]
[SourceDate "2023.10.10"]
[SourceVersion "1"]
[SourceVersionDate "2023.10.10"]
[SourceQuality "1"]

1. Nf3 f5 2. g3 Nf6 3. c4 e6 4. Bg2 d5 5. 0-0 c6 6. b3 Bc5 7. d4 Bd6 8. Bb2 0-0 9. Ne5 Nbd7 10. Nd2 Qe8 11. Qc2 Qh5 12. f3 f4 13. gxf4 Qh4 14. e3 Nh5 15. Qd1 Rxf4 16. exf4 Nxf4 17. Kh1 Qg5 18. Rg1 Nxe5 19. Bf1 Qh6 20. dxe5 Bc5 21. Rg4 Be3 22. Qe1 Ng6 23. Rd1 Bd7 24. Bd3 Bf4 25. Qf2 Be3 26. Qe2 Rf8 27. Nf1 Bf4 28. Bxg6 hxg6 29. Qf2 g5 30. Ng3 Be8 31. Bc1 Bxe5 32. Bxg5 Qh7 33. cxd5 exd5 34. Re1 Bd6 35. Be7 Bxe7 36. Rxe7 Qb1+ 37. Kg2 g6 38. Qd4 Bf7 39. Qf6 Qc2+ 40. Kh3 Qd3 41. Kh4 Qc2 42. Qf4 Be6 43. Qe5 Qxh2+ 44. Kg5 Rf5+ 45. Kxg6 Rxe5 46. Re8# 1-0

[Event "Mendoza-ch"]
[Site "Mendoza"]
[Date "2016.01.26"]
[Round "4"]
[White "Ubeira Montenegro, Enrique"]
[Black "Acosta, Cristian"]
[Result "0-1"]
[WhiteElo "1676"]
[BlackElo "1899"]
[PlyCount "74"]
[EventDate "2016.01.25"]
[EventType "swiss"]
[EventRounds "7"]
[EventCountry "ARG"]
[SourceTitle "EXT 2017"]
[Source "ChessBase"]
[SourceDate "2016.10.25"]
[SourceVersion "1"]
[SourceVersionDate "2016.10.25"]
[SourceQuality "1"]

1. e4 c5 2. Nf3 Nc6 3. d4 cxd4 4. Nxd4 Nf6 5. Nc3 e5 6. Ndb5 d6 7. Bg5 a6 8. Bxf6 gxf6 9. Na3 b5 10. Nd5 Bg7 11. c3 f5 12. Bd3 Be6 13. Bc2 Bxd5 14. Qxd5 Ne7 15. Qd1 fxe4 16. Qg4 0-0 17. Qxe4 f5 18. Qe2 d5 19. Bb3 Kh8 20. Nc2 Qb6 21. Rd1 Rad8 22. 0-0 a5 23. a3 Qc5 24. Rd3 Ng6 25. Qe3 Qc6 26. g3 e4 27. Nd4 Qd7 28. Rdd1 f4 29. Qd2 f3 30. Kh1 Qh3 31. Rg1 Ne5 32. g4 Nxg4 33. Rxg4 Qxg4 34. Rg1 Qd7 35. Qe1 Be5 36. Qf1 Rg8 37. Nxb5 Rxg1+ 0-1

[Event "Antofagasta Zicosur op 2nd"]
[Site "Antofagasta"]
[Date "2016.01.07"]
[Round "4"]
[White "Belmonte, Diego Jose"]
[Black "Ubeira Montenegro, Enrique"]
[Result "1-0"]
[WhiteElo "1948"]
[BlackElo "1676"]
[PlyCount "119"]
[EventDate "2016.01.05"]
[EventType "swiss"]
[EventRounds "9"]
[EventCountry "CHI"]
[SourceTitle "CBM 170 Extra"]
[Source "ChessBase"]
[SourceDate "2016.02.25"]
[SourceVersion "1"]
[SourceVersionDate "2016.02.25"]
[SourceQuality "1"]

1. e4 c5 2. Nf3 d6 3. d4 cxd4 4. Nxd4 Nf6 5. Nc3 a6 6. Bc4 e6 7. Bb3 Be7 8. 0-0 0-0 9. f4 Nbd7 10. f5 Nc5 11. Qf3 e5 12. Nde2 Nxb3 13. axb3 b5 14. Bg5 Bb7 15. Rad1 Rc8 16. Bxf6 Bxf6 17. Qd3 Qb6+ 18. Kh1 b4 19. Nd5 Bxd5 20. exd5 e4 21. Qxe4 Rfe8 22. Qd3 Re3 23. Qd2 Rce8 24. Nd4 R3e4 25. Nc6 Bxb2 26. Rde1 Bc3 27. Rxe4 Rxe4 28. Qd3 Re3 29. Qc4 a5 30. Nxb4 h6 31. Nd3 Bf6 32. h3 Kh7 33. Rd1 Qd8 34. Re1 Qe7 35. Rxe3 Qxe3 36. Qf4 Qe2 37. Qf2 Qe4 38. Qf3 Qd4 39. Kh2 Qc3 40. Qe2 Bd4 41. Qe4 Bf6 42. Qe2 Bd4 43. Qd1 Qc8 44. g4 Qe8 45. Qe1 Be3 46. Qh1 Qe7 47. Qf3 Bd4 48. Kg2 Qg5 49. Qe2 h5 50. c4 hxg4 51. hxg4 Qh4 52. Qe4 Bf6 53. Qf3 Qg5 54. Qf4 Qh4 55. Qh2 Kh6 56. Qxh4+ Bxh4 57. Kf3 Bf6 58. c5 dxc5 59. Nxc5 Be7 60. Nb7 1-0

[Event "ARG-ch sf U2000"]
[Site "Monteros"]
[Date "2015.10.31"]
[Round "1.1"]
[White "Ubeira Montenegro, Enrique"]
[Black "Cuva, Daniel Alejandro"]
[Result "0-1"]
[WhiteElo "1731"]
[BlackElo "1989"]
[PlyCount "70"]
[EventDate "2015.10.31"]
[EventType "swiss"]
[EventRounds "6"]
[EventCountry "ARG"]
[SourceTitle "EXT 2024"]
[Source "ChessBase"]
[SourceDate "2023.10.10"]
[SourceVersion "1"]
[SourceVersionDate "2023.10.10"]
[SourceQuality "1"]

1. d4 d5 2. c4 e6 3. a3 Nf6 4. Nf3 b6 5. Ne5 c5 6. e3 Bd6 7. cxd5 Bxe5 8. dxe5 Nxd5 9. e4 Ne7 10. Qxd8+ Kxd8 11. Be2 Nbc6 12. f4 Nd4 13. Bd1 Ba6 14. Kf2 Nec6 15. Nc3 Ke7 16. Be3 Rhd8 17. Rc1 Rac8 18. Re1 Na5 19. b4 cxb4 20. axb4 Nab3 21. Bxb3 Nxb3 22. Rc2 Bd3 23. Ra2 Rxc3 24. Rxa7+ Rd7 25. Rxd7+ Kxd7 26. Bxb6 Kc6 27. Bd8 Kb5 28. Be7 Kc4 29. f5 Rc2+ 30. Ke3 Rxg2 31. fxe6 fxe6 32. h4 Nd4 33. Rc1+ Rc2 34. Ra1 Re2+ 35. Kf4 Rxe4+ 0-1

[Event "Antofagasta Zicosur op 1st"]
[Site "Antofagasta"]
[Date "2015.01.10"]
[Round "9"]
[White "Ubeira Montenegro, Enrique"]
[Black "Conde Escobar, Phol"]
[Result "0-1"]
[WhiteElo "1821"]
[BlackElo "1858"]
[PlyCount "122"]
[EventDate "2015.01.05"]
[EventType "swiss"]
[EventRounds "10"]
[EventCountry "CHI"]
[SourceTitle "CBM 164 Extra"]
[Source "ChessBase"]
[SourceDate "2015.03.02"]
[SourceVersion "1"]
[SourceVersionDate "2015.03.02"]
[SourceQuality "1"]

1. d4 Nf6 2. c4 c5 3. d5 b5 4. cxb5 a6 5. bxa6 Bxa6 6. Nc3 g6 7. e4 Bxf1 8. Kxf1 d6 9. Nf3 Nbd7 10. Qe2 Bg7 11. Kg1 0-0 12. h3 Qb6 13. Kh2 Rfb8 14. Re1 Qb4 15. Nd2 Nh5 16. a3 Qb7 17. Nc4 Ne5 18. Nxe5 Bxe5+ 19. g3 Qb3 20. Qd2 Qc4 21. Qe2 Qxe2 22. Rxe2 Bxc3 23. bxc3 Rb3 24. Bb2 Nf6 25. Ra2 Nd7 26. a4 Nb6 27. a5 Nc4 28. a6 Nxb2 29. Rexb2 Rxa6 30. Rxb3 Rxa2 31. Kg2 Kg7 32. Kf3 h5 33. Ke3 Ra1 34. h4 Re1+ 35. Kf3 Kf6 36. Kf4 Rc1 37. Ke3 Rd1 38. Ke2 Rc1 39. Kd2 Ra1 40. Ke2 Ke5 41. Rb7 Kxe4 42. Rxe7+ Kxd5 43. Rxf7 Kc4 44. Rf6 d5 45. Rxg6 Kxc3 46. Rg5 Kc4 47. Rxh5 d4 48. Rf5 d3+ 49. Kd2 Ra2+ 50. Kc1 Kd4 51. Rf8 Kc3 52. Kb1 Rb2+ 53. Ka1 Rb4 54. Rc8 Rc4 55. Rd8 Kc2 56. Ra8 Kb3 57. Rb8+ Rb4 58. Rd8 Rd4 59. Rb8+ Kc3 60. Ra8 d2 61. Ra3+ Kb4 0-1

[Event "Antofagasta Zicosur op 1st"]
[Site "Antofagasta"]
[Date "2015.01.09"]
[Round "8"]
[White "Puebla Arredondo, Claudio"]
[Black "Ubeira Montenegro, Enrique"]
[Result "1/2-1/2"]
[WhiteElo "2288"]
[BlackElo "1821"]
[PlyCount "89"]
[EventDate "2015.01.05"]
[EventType "swiss"]
[EventRounds "10"]
[EventCountry "CHI"]
[SourceTitle "CBM 164 Extra"]
[Source "ChessBase"]
[SourceDate "2015.03.02"]
[SourceVersion "1"]
[SourceVersionDate "2015.03.02"]
[SourceQuality "1"]

1. e4 c5 2. Nf3 e6 3. d4 cxd4 4. Nxd4 a6 5. Bd3 Nc6 6. Nxc6 dxc6 7. 0-0 e5 8. Qh5 Qd6 9. Bc4 Be6 10. Bxe6 Qxe6 11. Be3 Nf6 12. Qh4 Be7 13. f3 Nd7 14. Qf2 h6 15. Nc3 g5 16. Rad1 0-0-0 17. b3 h5 18. Na4 f5 19. exf5 Qxf5 20. Rd2 Nf6 21. Rxd8+ Rxd8 22. Qg3 Nd5 23. Qf2 Nxe3 24. Qxe3 Qf4 25. Qxf4 exf4 26. Re1 Bf6 27. Re6 Bd4+ 28. Kf1 b5 29. c3 Be3 30. Nc5 Rd1+ 31. Ke2 Rd2+ 32. Ke1 Rxa2 33. Rxc6+ Kd8 34. Rxa6 Rxg2 35. Ne6+ Ke7 36. Ng7 Rxh2 37. Nf5+ Kf7 38. Nh6+ Ke7 39. Nf5+ Kd7 40. Rg6 Bd2+ 41. Kf1 Bxc3 42. Nd6 b4 43. Ne4 Rb2 44. Rxg5 Rb1+ 45. Kg2 1/2-1/2

[Event "Nicandro Memorial U2200 3rd"]
[Site "Santiago del Estero"]
[Date "2014.11.01"]
[Round "3.11"]
[White "Carrizo, Facundo"]
[Black "Ubeira Montenegro, Enrique"]
[Result "1-0"]
[WhiteElo "1624"]
[BlackElo "1885"]
[PlyCount "75"]
[EventDate "2014.11.01"]
[EventType "swiss"]
[EventRounds "6"]
[EventCountry "ARG"]
[SourceTitle "EXT 2024"]
[Source "ChessBase"]
[SourceDate "2023.10.10"]
[SourceVersion "1"]
[SourceVersionDate "2023.10.10"]
[SourceQuality "1"]

1. d4 Nf6 2. c4 e6 3. Nf3 b6 4. e3 Bb7 5. Be2 Be7 6. 0-0 0-0 7. Nc3 d6 8. b3 Nbd7 9. Bb2 Re8 10. Qc2 c5 11. Rad1 Qb8 12. Rd2 e5 13. dxe5 dxe5 14. Rfd1 Bc6 15. Nh4 e4 16. g4 Ne5 17. Nf5 Nfxg4 18. Nxe7+ Rxe7 19. Rd8+ Re8 20. Rxb8 Raxb8 21. Nd5 f5 22. h3 Nh6 23. Kh2 Nhf7 24. Rd2 Re6 25. Bh5 Ng5 26. Bxe5 Rxe5 27. h4 Nf7 28. Bxf7+ Kxf7 29. Nf4 Be8 30. Rd5 Rxd5 31. cxd5 Rd8 32. Qc3 Bd7 33. Nh5 Rg8 34. Qe5 h6 35. d6 Be6 36. Nf4 Re8 37. Nxe6 Rxe6 38. Qd5 1-0